| 000 | 00000nam 2200000zi 4500 |
| 001 | 9.919856 |
| 003 | CaOODSP |
| 005 | 20241223113523 |
| 006 | m o d f |
| 007 | cr |n||||||||| |
| 008 | 230207e20130321onc o f000 0 eng d |
| 020 | |z9781100217482 |
| 040 | |aCaOODSP|beng|erda|cCaOODSP |
| 043 | |an-cn--- |
| 086 | 1 |aF1-23/3-2013E-PDF |
| 245 | 00|aJobs, growth and long-term prosperity : |beconomic action plan 2013. |
| 264 | 1|a[Ottawa] : |bDepartment of Finance, |cMarch 21, 2013. |
| 300 | |a1 online resource (viii, 433 pages) |
| 336 | |atext|btxt|2rdacontent |
| 337 | |acomputer|bc|2rdamedia |
| 338 | |aonline resource|bcr|2rdacarrier |
| 500 | |aIssued also in French under title: Emplois, croissance et prospérité à long terme : le plan d'action économique de 2013. |
| 500 | |a"Canada's economic action plan #eap13." |
| 500 | |a"Tabled in the House of Commons by the Honourable James M. Flaherty, Minister of Finance, March 21, 2013." |
| 505 | 0 |aIntroduction -- Economic developments and prospects -- Supporting jobs and growth -- Connecting Canadians with available jobs -- Helping manufacturers and businesses succeed in the global economy -- The new building Canada plan -- Investing in world-class research and innovation -- Supporting families and communities -- Plan to return to budget balance and fiscal outlook -- Plan to return to budget balance -- Fiscal planning framework -- Annex 1- debt management strategy for 2013-14 -- Annex 2- tax measures: supplementary information and notices of ways and means motions. |
| 650 | 0|aBudget|zCanada. |
| 650 | 0|aFinance, Public|zCanada. |
| 651 | 5|aCanada|xEconomic policy|y1991- |
| 651 | 0|aCanada|xEconomic conditions|y21st century. |
| 700 | 1 |aFlaherty, James M. |eauthor.|q(James Michael), |d1949- |
| 710 | 1 |aCanada. |bDepartment of Finance, |eissuing body. |
| 775 | 08|tEmplois, croissance et prospérité à long terme : |w(CaOODSP)9.919859 |
| 856 | 40|qPDF|s9.14 MB|uhttps://publications.gc.ca/collections/collection_2023/fin/F1-23-3-2013-eng.pdf |